A Luganda grammar, (Record no. 123694)
[ view plain ]
| 000 -LEADER | |
|---|---|
| fixed length control field | 00834cam a22003011 4500 |
| 001 - CONTROL NUMBER | |
| control field | 7454964 |
| 003 - CONTROL NUMBER IDENTIFIER | |
| control field | ARRUPE |
| 005 - DATE AND TIME OF LATEST TRANSACTION | |
| control field | 20151112101550.0 |
| 008 - FIXED-LENGTH DATA ELEMENTS--GENERAL INFORMATION | |
| fixed length control field | 770110s1954 enk 000 0 eng |
| 010 ## - LIBRARY OF CONGRESS CONTROL NUMBER | |
| LC control number | 55000049 |
| 015 ## - NATIONAL BIBLIOGRAPHY NUMBER | |
| National bibliography number | GB54-9322 |
| 035 ## - SYSTEM CONTROL NUMBER | |
| System control number | (OCoLC)2668904 |
| 040 ## - CATALOGING SOURCE | |
| Original cataloging agency | DLC |
| Transcribing agency | GU |
| Modifying agency | OCoLC |
| -- | Uk |
| -- | DLC |
| 041 0# - LANGUAGE CODE | |
| Language code of text/sound track or separate title | englug |
| 042 ## - AUTHENTICATION CODE | |
| Authentication code | premarc |
| 050 00 - LIBRARY OF CONGRESS CALL NUMBER | |
| Classification number | PL8201.1 |
| Item number | .A8 |
| 082 ## - DEWEY DECIMAL CLASSIFICATION NUMBER | |
| Classification number | 496.3 |
| 300 ## - PHYSICAL DESCRIPTION | |
| Dimensions | 23 cm. |
| 100 1# - MAIN ENTRY--PERSONAL NAME | |
| Personal name | Ashton, Ethel O. |
| 9 (RLIN) | 20782 |
| 245 12 - TITLE STATEMENT | |
| Title | A Luganda grammar, |
| Statement of responsibility, etc | by E.O. Ashton [and others] |
| 260 ## - PUBLICATION, DISTRIBUTION, ETC. (IMPRINT) | |
| Place of publication, distribution, etc | London, |
| -- | New York, |
| Name of publisher, distributor, etc | Longmans, Green |
| Date of publication, distribution, etc | [1954] |
| 300 ## - PHYSICAL DESCRIPTION | |
| Extent | 516 p. |
| 650 #0 - SUBJECT ADDED ENTRY--TOPICAL TERM | |
| Topical term or geographic name as entry element | Ganda language |
| General subdivision | Grammar. |
| 9 (RLIN) | 20780 |
| 700 ## - ADDED ENTRY--PERSONAL NAME | |
| Personal name | Mulira, E |
| 9 (RLIN) | 21039 |
| 700 ## - ADDED ENTRY--PERSONAL NAME | |
| Personal name | Ndawula, E |
| 9 (RLIN) | 21040 |
| 700 ## - ADDED ENTRY--PERSONAL NAME | |
| Personal name | Tucker, A |
| 9 (RLIN) | 21041 |
| 906 ## - LOCAL DATA ELEMENT F, LDF (RLIN) | |
| a | 7 |
| b | cbc |
| c | oclcrpl |
| d | u |
| e | ncip |
| f | 19 |
| g | y-gencatlg |
| 942 ## - ADDED ENTRY ELEMENTS (KOHA) | |
| Source of classification or shelving scheme | Library of Congress Classification |
| Koha item type | Monograph ( Printed materials) |
| Withdrawn status | Lost status | Source of classification or shelving scheme | Damaged status | Not for loan | Collection code | Home library | Current library | Shelving location | Date acquired | Total Checkouts | Full call number | Barcode | Date last seen | Price effective from | Koha item type |
|---|---|---|---|---|---|---|---|---|---|---|---|---|---|---|---|
| Library of Congress Classification | Main Collection | ARRUPE LIBRARY | ARRUPE LIBRARY | Main Collection | 29/10/2015 | PL8201.1A8 | 46500005785 | 29/03/2019 | 29/10/2015 | Monograph ( Printed materials) |